| 000 | 00415nam a2200181Ia 4500 | ||
|---|---|---|---|
| 001 | 784 | ||
| 005 | 20260306140543.0 | ||
| 008 | 260306t1985||||xx |||||||||||||| ||spa|| | ||
| 041 | _aESP | ||
| 082 |
_a161 _bD39 |
||
| 100 |
_aDeaño, Alfredo _eAUT |
||
| 245 | 0 | _aIntroducción a la lógica formal | |
| 260 | _c1985 | ||
| 300 |
_a424 páginas : _ccm. |
||
| 650 | _aGEN | ||
| 654 | _aCHU | ||
| 942 |
_cLIB _dJUS _fJUS _2ddc _n |
||
| 999 |
_c784 _d784 |
||